| 000 | 00878nam a2200253Ia 4500 | ||
|---|---|---|---|
| 003 | OSt | ||
| 005 | 20220923223350.0 | ||
| 006 | a|||||r|||| 00| 0 | ||
| 007 | ta | ||
| 008 | 220922b |||||||| |||| 00| 0 hin d | ||
| 024 | _a213,956 | ||
| 037 | _cTextual | ||
| 040 |
_aARTS _cARTS _bhin |
||
| 041 |
_2hin _ahin |
||
| 082 | _aO152,3N01x, N3 | ||
| 100 | _aशर्मा, पाण्डेय बेचन, उग्र | ||
| 245 | 0 | _aयह कंचन सी काया | |
| 246 | _aYah kanchan sī kāyā | ||
| 260 |
_aदिल्ली _b आत्माराम एण्ड संस प्रका0 _c1993 |
||
| 300 |
_a126 पृ. _ccm. |
||
| 650 |
_aहिन्दी साहित्य _9156264 |
||
| 942 |
_hO152,3N01x, N3 _cTEXL _2CC |
||
| 999 |
_c364164 _d364164 |
||